Composition operators on Hardy-Orlicz spaces

Saved in:
Bibliographic Details
Other Authors: Lefevre, Pascal 1969-
Format: Book
Language:English
Published: Providence, R.I. : American Mathematical Socirty, c2010.
Series:Memoirs of the American Mathematical Society ; 974
Subjects:
Tags: Add Tag
No Tags, Be the first to tag this record!

MARC

LEADER 00000nam a2200000 a 4500
001 1/108054
008 150821t2010####riu| ||| |||| ||eng||
020 |a 9780821846377 
040 |a GR-MyUa  |b gre  |c GR-MyUa  |e AACR2 
041 0 |a eng 
082 7 |a 515.7246   |2 (23)  
245 1 0 |a Composition operators on Hardy-Orlicz spaces /   |c Pascal Lefevre ... [κ. ά.]. 
260 |a Providence, R.I. :   |b American Mathematical Socirty,   |c c2010.  
300 |a v, 74 σ. ;   |c 26 εκ.  
490 1 |a (Memoirs of the American Mathematical Society)   |v ; 974 
504 |a Βιβλιογραφία: σ. 73-74.  
650 0 |a Composition operators. 
650 0 |a Hardy spaces. 
700 1 |a Lefevre, Pascal  |d 1969- 
830 0 |a Memoirs of the American Mathematical Society ;  |v 974 
852 |a INST  |b SAMOS  |e 20150821  |h 515.7246 COM  |p 005300042540  |q 005300042540  |t BK  |y 0 
922 |a 3ΕΛΗ  |b 201504  |c Τμήμα Μαθηματικών  |d Διαδρομές 
970 |a Κοσιέρης  |b Χρήστος  |z 21-08-2015